Faktografické informační systémy v současnosti a v perspektivě realizační výstup č. 2 státního úkolu P 13-121-806 "Soustava FIS pro cetrální, odvětvové a oborové řízení"

Enregistré dans:
Détails bibliographiques
Format: Livre
Langue:tchèque
Publié: Praha Ústředí vědeckých, technických a ekonomických informací 1988
Tags: Ajouter un tag
Pas de tags, Soyez le premier à ajouter un tag!

MARC

LEADER 00000nam a2200000 4500
001 c028404
005 20251111094654.6
041 0 |a cze 
044 |a CZ 
245 1 0 |a Faktografické informační systémy v současnosti a v perspektivě  |b realizační výstup č. 2 státního úkolu P 13-121-806 "Soustava FIS pro cetrální, odvětvové a oborové řízení" 
264 1 |a Praha  |b Ústředí vědeckých, technických a ekonomických informací  |c 1988 
300 |a 139 s.